000 00627nam a2200241Ia 4500
003 OSt
005 20220924132118.0
006 a|||||r|||| 00| 0
007 ta
008 220923b |||||||| |||| 00| 0 san d
024 _a13318
037 _cTextual
040 _aARTS
_cARTS
_bsan
041 _2san
_asan
082 _aN12x5:1, 15F6
100 _aKasyapa N Maharsi
_9203772
245 0 _aKasyapa silpa ed by Krisnaraya Vajhe
260 _c1926
490 _aAnandasram sanskrit series; 95
650 _aARTS
942 _hN12x5:1, 15F6
_cTEXL
_2CC
999 _c429282
_d429282